| 000 | 00926nam a22002537a 4500 | ||
|---|---|---|---|
| 003 | SEM | ||
| 005 | 20260617153850.0 | ||
| 008 | 260617s1976 ai ||||gr||||||01|||arm|d | ||
| 040 |
_aSEM _cSEM |
||
| 041 | _aarm | ||
| 080 | _a891.981-3/Շ-66 | ||
| 100 |
_aՇիրվանզադե _d(1858-1935) _q(Մովսիսյան Ալեքսանդր Մինասի) |
||
| 245 |
_aՔաոս: _bՎեպ / _cՇիրվանզադե; Խմբ.` Ն. Արազյան |
||
| 246 | _aХаос / | ||
| 260 |
_aԵրևան : _bՀայաստան հրատ., _c1976. |
||
| 300 |
_a384 էջ ; _c20 սմ |
||
| 490 | _aՀայ դասականների գրադարան | ||
| 650 |
_aՀայ գրականություն _xարձակ |
||
| 650 |
_aԳեղարվեստական գրականություն _xարձակ |
||
| 653 | _aՍԷՄ | ||
| 700 |
_aԶարյան Ն. _eխմբ. _4edt. |
||
| 830 | _aՀայ դասականների գրադարան | ||
| 942 |
_2udc _cBK |
||
| 999 |
_c77301 _d77301 |
||